[Event "Wroclaw Open"]
[Site "?"]
[Date "2017.08.16"]
[Round "4.11"]
[White "Engers, Felix"]
[Black "Szczepaniak, Lukasz"]
[Result "1-0"]
[BlackElo "2163"]
[WhiteElo "1919"]
[LiveChessVersion "1.4.6"]

1. c4 {[%clk 1:30:57]} f5 {[%clk 1:30:48]} 2. b3 {[%clk 1:31:21]} Nf6
{[%clk 1:27:58]} 3. Bb2 {[%clk 1:31:46]} e6 {[%clk 1:26:51]} 4. g3
{[%clk 1:31:59]} Be7 {[%clk 1:27:09]} 5. Bg2 {[%clk 1:32:13]} O-O
{[%clk 1:27:23]} 6. Nf3 {[%clk 1:31:31]} d6 {[%clk 1:23:55]} 7. d4
{[%clk 1:31:55]} Ne4 {[%clk 1:22:45]} 8. O-O {[%clk 1:31:11]} Nd7
{[%clk 1:22:53]} 9. Nc3 {[%clk 1:22:07]} Ndf6 {[%clk 1:21:55]} 10. Nd2
{[%clk 1:21:07]} Ng5 {[%clk 1:13:08]} 11. f4 {[%clk 1:20:16]} Nf7
{[%clk 1:13:14]} 12. e4 {[%clk 1:20:39]} g6 {[%clk 1:00:16]} 13. exf5
{[%clk 1:14:13]} exf5 {[%clk 0:59:06]} 14. Re1 {[%clk 1:12:35]} Re8
{[%clk 0:56:44]} 15. Nd5 {[%clk 1:07:32]} Nxd5 {[%clk 0:56:18]} 16. Bxd5
{[%clk 1:07:52]} c6 {[%clk 0:56:21]} 17. Bxf7+ {[%clk 1:07:35]} Kxf7
{[%clk 0:56:44]} 18. d5 {[%clk 1:07:48]} Bf6 {[%clk 0:46:01]} 19. Bxf6
{[%clk 1:03:34]} Rxe1+ {[%clk 0:44:31]} 20. Qxe1 {[%clk 1:03:56]} Qxf6
{[%clk 0:44:57]} 21. Nf3 {[%clk 1:01:40]} Bd7 {[%clk 0:42:45]} 22. Rd1
{[%clk 1:01:41]} a5 {[%clk 0:29:44]} 23. c5 {[%clk 0:54:19]} Kg8 {[%clk 0:18:40]}
24. dxc6 {[%clk 0:50:39]} Bxc6 {[%clk 0:19:09]} 25. Rxd6 {[%clk 0:48:31]} Qb2
{[%clk 0:19:01]} 26. Rd2 {[%clk 0:46:59]} Qa3 {[%clk 0:13:56]} 27. Qe6+
{[%clk 0:32:24]} Kh8 {[%clk 0:12:09]} 28. Qf6+ {[%clk 0:31:21]} Kg8
{[%clk 0:12:37]} 29. Qc3 {[%clk 0:31:05]} Bxf3 {[%clk 0:11:40]} 30. Rd7
{[%clk 0:31:11]} Qxa2 {[%clk 0:10:28]} 31. Qg7# 1-0

[Event "Wroclaw Open"]
[Site "?"]
[Date "2017.08.16"]
[Round "4.12"]
[White "Dziodzio, Angelika"]
[Black "De Jong, Wietse"]
[Result "1-0"]
[BlackElo "1956"]
[WhiteElo "2126"]
[LiveChessVersion "1.4.6"]

1. c4 {[%clk 1:30:55]} Nf6 {[%clk 1:30:50]} 2. Nc3 {[%clk 1:31:20]} b6
{[%clk 1:30:42]} 3. e4 {[%clk 1:28:47]} d6 {[%clk 1:30:43]} 4. d4
{[%clk 1:28:49]} Bb7 {[%clk 1:30:47]} 5. Bd3 {[%clk 1:24:50]} Nc6
{[%clk 1:29:50]} 6. Nge2 {[%clk 1:24:03]} e5 {[%clk 1:30:08]} 7. d5
{[%clk 1:24:18]} Nb8 {[%clk 1:29:38]} 8. O-O {[%clk 1:23:15]} Nbd7
{[%clk 1:27:07]} 9. f3 {[%clk 1:21:46]} Rg8 {[%clk 1:24:59]} 10. Be3
{[%clk 0:58:09]} g5 {[%clk 1:23:10]} 11. Ng3 {[%clk 0:57:21]} Nc5
{[%clk 1:17:16]} 12. Bc2 {[%clk 0:54:45]} h5 {[%clk 1:14:46]} 13. b4
{[%clk 0:51:31]} Ncd7 {[%clk 1:13:06]} 14. Ba4 {[%clk 0:51:02]} h4
{[%clk 1:11:57]} 15. Nf5 {[%clk 0:51:12]} Nh5 {[%clk 1:11:56]} 16. Qd2
{[%clk 0:45:23]} f6 {[%clk 1:10:17]} 17. c5 {[%clk 0:43:40]} bxc5
{[%clk 1:10:00]} 18. bxc5 {[%clk 0:44:01]} dxc5 {[%clk 1:08:57]} 19. Rfb1
{[%clk 0:41:05]} Ba6 {[%clk 1:08:18]} 20. d6 {[%clk 0:40:45]} Bc4
{[%clk 0:52:33]} 21. Rb7 {[%clk 0:36:59]} Rc8 {[%clk 0:51:09]} 22. Rd1
{[%clk 0:30:18]} c6 {[%clk 0:49:37]} 23. Ne7 {[%clk 0:30:34]} Rg7
{[%clk 0:35:57]} 24. Nxc6 {[%clk 0:30:34]} Rxc6 {[%clk 0:36:08]} 25. Bxc6
{[%clk 0:30:57]} 1-0

[Event "Wroclaw Open"]
[Site "?"]
[Date "2017.08.16"]
[Round "4.13"]
[White "Zauner, Christoph"]
[Black "Zagema, Jan Sybren"]
[Result "1/2-1/2"]
[BlackElo "1878"]
[WhiteElo "2044"]
[LiveChessVersion "1.4.6"]

1. Nf3 {[%clk 1:30:55]} Nf6 {[%clk 1:30:49]} 2. d4 {[%clk 1:31:03]} g6
{[%clk 1:31:11]} 3. c4 {[%clk 1:31:25]} Bg7 {[%clk 1:31:35]} 4. Nc3
{[%clk 1:31:30]} d6 {[%clk 1:31:57]} 5. e4 {[%clk 1:31:46]} O-O {[%clk 1:32:20]}
6. Be2 {[%clk 1:32:00]} e5 {[%clk 1:32:38]} 7. O-O {[%clk 1:31:18]} Nc6
{[%clk 1:33:02]} 8. d5 {[%clk 1:31:41]} Ne7 {[%clk 1:33:25]} 9. b4
{[%clk 1:31:48]} Nh5 {[%clk 1:31:57]} 10. g3 {[%clk 1:31:51]} f5 {[%clk 1:29:15]}
11. Ng5 {[%clk 1:32:07]} Nf6 {[%clk 1:28:38]} 12. Bf3 {[%clk 1:32:07]} h6
{[%clk 1:22:40]} 13. Ne6 {[%clk 1:32:26]} Bxe6 {[%clk 1:23:03]} 14. dxe6
{[%clk 1:32:51]} Qc8 {[%clk 1:07:32]} 15. Nd5 {[%clk 1:30:24]} Re8
{[%clk 0:58:26]} 16. b5 {[%clk 1:16:57]} Kh7 {[%clk 0:55:33]} 17. Bb2
{[%clk 1:08:27]} Nxe4 {[%clk 0:43:30]} 18. Bxe4 {[%clk 1:01:56]} fxe4
{[%clk 0:43:40]} 19. Re1 {[%clk 0:57:41]} Nf5 {[%clk 0:42:18]} 20. Rxe4
{[%clk 0:38:35]} Rxe6 {[%clk 0:37:43]} 21. g4 {[%clk 0:28:57]} Ne7
{[%clk 0:35:21]} 22. f4 {[%clk 0:24:39]} Nxd5 {[%clk 0:27:45]} 23. cxd5
{[%clk 0:23:25]} Re7 {[%clk 0:26:37]} 24. Rc1 {[%clk 0:22:46]} Qd7
{[%clk 0:25:02]} 25. Qe2 {[%clk 0:19:19]} Rae8 {[%clk 0:24:26]} 26. Re1
{[%clk 0:19:39]} Qc8 {[%clk 0:16:13]} 27. Bc1 1/2-1/2

[Event "Wroclaw Open"]
[Site "?"]
[Date "2017.08.16"]
[Round "4.14"]
[White "Drijver, Evert"]
[Black "Decker, Nils"]
[Result "1/2-1/2"]
[BlackElo "2034"]
[WhiteElo "1896"]
[LiveChessVersion "1.4.6"]

1. d4 {[%clk 1:30:57]} Nf6 {[%clk 1:30:45]} 2. Bf4 {[%clk 1:27:37]} d5
{[%clk 1:31:05]} 3. Nf3 {[%clk 1:27:54]} c5 {[%clk 1:31:06]} 4. dxc5
{[%clk 1:14:51]} Nc6 {[%clk 1:25:10]} 5. e3 {[%clk 1:05:51]} e6 {[%clk 1:11:43]}
6. Be2 {[%clk 1:01:24]} Bxc5 {[%clk 1:10:34]} 7. Nbd2 {[%clk 1:00:03]} O-O
{[%clk 1:09:06]} 8. Nb3 {[%clk 0:56:52]} Bd6 {[%clk 1:08:31]} 9. Bg5
{[%clk 0:50:28]} h6 {[%clk 1:07:17]} 10. Bh4 {[%clk 0:49:42]} Be7
{[%clk 1:06:49]} 11. O-O {[%clk 0:49:46]} Re8 {[%clk 0:58:39]} 12. c4
{[%clk 0:44:24]} Qb6 {[%clk 0:45:12]} 13. Nfd4 {[%clk 0:38:41]} dxc4
{[%clk 0:36:00]} 14. Nxc6 {[%clk 0:35:08]} Qxc6 {[%clk 0:33:32]} 15. Na5
{[%clk 0:35:29]} Qe4 {[%clk 0:31:40]} 16. Bxf6 {[%clk 0:33:49]} Bxf6
{[%clk 0:31:53]} 17. Qa4 {[%clk 0:34:10]} Re7 {[%clk 0:24:08]} 18. Bf3
{[%clk 0:31:41]} Qe5 {[%clk 0:22:11]} 19. Nxc4 {[%clk 0:30:15]} Qc7
{[%clk 0:21:52]} 20. Rac1 {[%clk 0:26:47]} Bd7 {[%clk 0:22:04]} 21. Qa5
{[%clk 0:23:41]} Qxa5 {[%clk 0:19:17]} 22. Nxa5 {[%clk 0:24:08]} Bb5
{[%clk 0:19:35]} 23. Rfd1 {[%clk 0:19:10]} Rb8 {[%clk 0:19:15]} 24. b3
{[%clk 0:17:52]} Bb2 25. Rc5 Be8 26. Bxb7 Rexb7 27. Nxb7 Rxb7 28. Rd8 Kf8 29.
Rcc8 Re7 30. Rc1 Bf6 31. Rdd1 Kg8 1/2-1/2

[Event "Wroclaw Open"]
[Site "?"]
[Date "2017.08.16"]
[Round "4.15"]
[White "Fuchs, Dominik"]
[Black "Motyl, Tomasz"]
[Result "1/2-1/2"]
[BlackElo "2027"]
[WhiteElo "1865"]
[LiveChessVersion "1.4.6"]

1. d4 {[%clk 1:30:58]} d5 {[%clk 1:30:16]} 2. Nc3 {[%clk 1:31:00]} Nf6
{[%clk 1:26:28]} 3. Bg5 {[%clk 1:31:21]} Bf5 {[%clk 1:23:42]} 4. Nf3
{[%clk 1:31:06]} h6 {[%clk 1:20:07]} 5. Bxf6 {[%clk 1:31:01]} exf6
{[%clk 1:19:55]} 6. Qd2 {[%clk 1:31:20]} Be7 {[%clk 1:18:08]} 7. O-O-O
{[%clk 1:31:18]} O-O {[%clk 1:17:33]} 8. g4 {[%clk 1:26:48]} Bxg4
{[%clk 1:04:23]} 9. Rg1 {[%clk 1:24:30]} f5 {[%clk 1:03:42]} 10. Qd3
{[%clk 1:14:43]} c6 {[%clk 0:57:27]} 11. Ne5 {[%clk 1:00:12]} Nd7
{[%clk 0:54:54]} 12. Nxg4 {[%clk 0:59:36]} fxg4 {[%clk 0:55:18]} 13. Rxg4
{[%clk 0:59:52]} Bg5+ {[%clk 0:50:06]} 14. e3 {[%clk 0:56:46]} f5
{[%clk 0:49:26]} 15. Rg1 {[%clk 0:55:14]} Qf6 {[%clk 0:48:19]} 16. Kb1
{[%clk 0:51:24]} Rae8 {[%clk 0:45:32]} 17. Re1 {[%clk 0:48:45]} Nb6
{[%clk 0:45:05]} 18. b3 {[%clk 0:46:15]} Nc8 {[%clk 0:45:04]} 19. Bg2
{[%clk 0:46:30]} Nd6 {[%clk 0:43:28]} 20. f3 {[%clk 0:46:12]} Re7
{[%clk 0:34:09]} 21. e4 {[%clk 0:45:06]} fxe4 {[%clk 0:33:55]} 22. fxe4
{[%clk 0:45:24]} dxe4 {[%clk 0:33:54]} 23. Nxe4 {[%clk 0:45:45]} Nxe4
{[%clk 0:34:11]} 24. Bxe4 {[%clk 0:45:30]} Qd6 {[%clk 0:31:13]} 25. h3
{[%clk 0:38:58]} a5 {[%clk 0:25:32]} 26. Rgf1 {[%clk 0:36:28]} Rd8
{[%clk 0:22:28]} 27. c3 {[%clk 0:29:23]} Rde8 {[%clk 0:21:18]} 28. Bh7+
{[%clk 0:25:28]} Kh8 {[%clk 0:21:39]} 29. Rxe7 {[%clk 0:25:50]} Qxe7
{[%clk 0:20:43]} 30. Bg6 {[%clk 0:25:47]} Rf8 {[%clk 0:17:55]} 31. Rxf8+
{[%clk 0:23:02]} Qxf8 {[%clk 0:18:23]} 32. Qf5 {[%clk 0:23:13]} Qxf5+ 1/2-1/2

[Event "Wroclaw Open"]
[Site "?"]
[Date "2017.08.16"]
[Round "4.16"]
[White "Jachym, Adam"]
[Black "Karykowska, Anna"]
[Result "1-0"]
[BlackElo "1860"]
[WhiteElo "2005"]
[LiveChessVersion "1.4.6"]

1. c4 {[%clk 1:30:53]} c5 {[%clk 1:30:50]} 2. Nc3 {[%clk 1:30:54]} Nc6
{[%clk 1:30:51]} 3. g3 {[%clk 1:30:24]} g6 {[%clk 1:30:30]} 4. Bg2
{[%clk 1:30:23]} Bg7 {[%clk 1:30:48]} 5. b3 {[%clk 1:27:12]} e5 {[%clk 1:29:07]}
6. Bb2 {[%clk 1:27:14]} Nge7 {[%clk 1:28:44]} 7. e3 {[%clk 1:24:23]} O-O
{[%clk 1:26:36]} 8. Nge2 {[%clk 1:22:19]} d5 {[%clk 1:18:12]} 9. cxd5
{[%clk 1:10:02]} Nb4 {[%clk 1:18:03]} 10. O-O {[%clk 1:06:55]} Nexd5
{[%clk 1:14:09]} 11. Nxd5 {[%clk 1:05:00]} Nxd5 {[%clk 1:14:33]} 12. Rc1
{[%clk 0:51:49]} Qd6 {[%clk 1:08:16]} 13. a3 {[%clk 0:48:30]} Nc7
{[%clk 1:05:48]} 14. f4 {[%clk 0:48:20]} Rb8 {[%clk 0:59:03]} 15. Bxe5
{[%clk 0:47:13]} Bxe5 {[%clk 0:57:54]} 16. fxe5 {[%clk 0:47:29]} Qxe5
{[%clk 0:57:19]} 17. Nf4 {[%clk 0:47:06]} Be6 {[%clk 0:53:39]} 18. Nd3
{[%clk 0:45:39]} Qd6 {[%clk 0:52:00]} 19. Nxc5 {[%clk 0:45:38]} b6
{[%clk 0:51:08]} 20. Ne4 {[%clk 0:45:41]} Qd8 {[%clk 0:50:35]} 21. Nf6+
{[%clk 0:45:49]} Kg7 {[%clk 0:50:02]} 22. Rxc7 {[%clk 0:37:38]} Qxc7
{[%clk 0:49:23]} 23. Qa1 {[%clk 0:37:50]} Kh6 {[%clk 0:48:56]} 24. Qd4
{[%clk 0:35:21]} g5 {[%clk 0:46:29]} 25. Ng4+ {[%clk 0:27:55]} Bxg4
{[%clk 0:41:58]} 26. Rf6+ {[%clk 0:28:10]} Kh5 {[%clk 0:41:09]} 27. Qxg4+
{[%clk 0:28:16]} Kxg4 {[%clk 0:41:34]} 28. Bf3+ {[%clk 0:28:33]} Kh3
{[%clk 0:42:00]} 29. Rh6# {[%clk 0:28:55]} 1-0

[Event "Wroclaw Open"]
[Site "?"]
[Date "2017.08.16"]
[Round "4.17"]
[White "Kawalko, Adam"]
[Black "Van Der Veen, Ronald"]
[Result "0-1"]
[BlackElo "2002"]
[WhiteElo "1848"]
[LiveChessVersion "1.4.6"]

1. e4 {[%clk 1:30:58]} d5 {[%clk 1:30:55]} 2. exd5 {[%clk 1:31:15]} Nf6
{[%clk 1:31:19]} 3. d4 {[%clk 1:30:54]} Nxd5 {[%clk 1:30:48]} 4. Nf3
{[%clk 1:30:34]} g6 {[%clk 1:30:41]} 5. Be2 {[%clk 1:28:53]} Bg7 {[%clk 1:31:03]}
6. O-O {[%clk 1:26:18]} O-O {[%clk 1:31:25]} 7. c4 {[%clk 1:24:18]} Nb6
{[%clk 1:31:36]} 8. Nc3 {[%clk 1:23:37]} Bf5 {[%clk 1:30:50]} 9. Bf4
{[%clk 1:21:03]} c6 {[%clk 1:29:28]} 10. Re1 {[%clk 1:13:54]} N8d7
{[%clk 1:26:18]} 11. Qd2 {[%clk 1:08:06]} Nf6 {[%clk 1:20:21]} 12. Bh6
{[%clk 0:59:14]} Qc7 {[%clk 1:17:59]} 13. Bxg7 {[%clk 0:46:47]} Kxg7
{[%clk 1:17:55]} 14. Rad1 {[%clk 0:46:33]} Rad8 {[%clk 1:17:56]} 15. b3
{[%clk 0:45:34]} Nbd7 {[%clk 1:14:11]} 16. Qe3 {[%clk 0:34:37]} Rfe8
{[%clk 1:11:58]} 17. Bd3 {[%clk 0:33:09]} Bxd3 {[%clk 0:56:40]} 18. Rxd3
{[%clk 0:32:39]} e5 {[%clk 0:55:01]} 19. dxe5 {[%clk 0:27:41]} Ng4
{[%clk 0:38:28]} 20. Qd2 {[%clk 0:12:49]} Ndxe5 {[%clk 0:35:53]} 21. Nxe5
{[%clk 0:11:51]} Rxe5 {[%clk 0:33:24]} 22. Rxd8 {[%clk 0:10:34]} Qxd8
{[%clk 0:31:23]} 23. Rd1 {[%clk 0:06:01]} Qxd2 {[%clk 0:31:08]} 0-1

[Event "Wroclaw Open"]
[Site "?"]
[Date "2017.08.16"]
[Round "4.18"]
[White "Hetzer, Volkhard"]
[Black "Kaminski, Jan"]
[Result "1/2-1/2"]
[BlackElo "1818"]
[WhiteElo "1980"]
[LiveChessVersion "1.4.6"]

1. Nf3 {[%clk 1:30:57]} Nf6 {[%clk 1:30:13]} 2. c4 {[%clk 1:31:18]} c6
{[%clk 1:30:24]} 3. d4 {[%clk 1:30:24]} d5 {[%clk 1:30:49]} 4. g3
{[%clk 1:29:23]} e6 {[%clk 1:28:26]} 5. Bg2 {[%clk 1:28:38]} Nbd7
{[%clk 1:27:15]} 6. O-O {[%clk 1:28:38]} Be7 {[%clk 1:27:29]} 7. Nc3
{[%clk 1:26:56]} O-O {[%clk 1:27:27]} 8. Qc2 {[%clk 1:15:55]} b6 {[%clk 1:23:41]}
9. e4 {[%clk 0:59:09]} Nxe4 {[%clk 1:23:48]} 10. Nxe4 {[%clk 0:59:33]} dxe4
{[%clk 1:24:14]} 11. Qxe4 {[%clk 0:59:57]} Bb7 {[%clk 1:23:43]} 12. Bf4
{[%clk 1:00:07]} Nf6 {[%clk 1:23:06]} 13. Qe2 {[%clk 1:00:21]} c5
{[%clk 1:22:35]} 14. Rfd1 {[%clk 0:57:58]} Qc8 {[%clk 1:19:08]} 15. d5
{[%clk 0:56:37]} Re8 {[%clk 1:19:02]} 16. dxe6 {[%clk 0:53:41]} fxe6
{[%clk 1:17:13]} 17. Ne5 {[%clk 0:40:06]} Bxg2 {[%clk 1:16:47]} 18. Kxg2
{[%clk 0:40:30]} Qb7+ {[%clk 1:16:44]} 19. Qf3 {[%clk 0:40:40]} Qxf3+
{[%clk 1:16:13]} 20. Nxf3 {[%clk 0:38:39]} h6 {[%clk 1:09:50]} 21. h4
{[%clk 0:36:56]} Rad8 {[%clk 1:04:23]} 22. Ne5 {[%clk 0:18:57]} Nh5
{[%clk 1:00:54]} 23. Bd2 {[%clk 0:18:04]} Bf6 {[%clk 1:00:13]} 24. Bc3
{[%clk 0:18:25]} Bxe5 {[%clk 1:00:24]} 25. Bxe5 {[%clk 0:18:50]} Kf7
{[%clk 0:59:44]} 26. f3 {[%clk 0:14:02]} Nf6 {[%clk 0:59:54]} 27. Kf2
{[%clk 0:14:20]} h5 {[%clk 0:56:45]} 28. Ke2 {[%clk 0:14:17]} Kg6
{[%clk 0:55:42]} 29. a4 {[%clk 0:11:50]} Kf5 {[%clk 0:55:39]} 30. Bc3
{[%clk 0:10:44]} a5 {[%clk 0:55:43]} 31. Ke3 {[%clk 0:08:37]} e5 {[%clk 0:52:36]}
32. b3 {[%clk 0:07:56]} Ng8 33. g4+ Nf6 1/2-1/2

[Event "Wroclaw Open"]
[Site "?"]
[Date "2017.08.16"]
[Round "4.19"]
[White "Slacky, Stanislav"]
[Black "Jankowiak, Piotr"]
[Result "0-1"]
[BlackElo "1774"]
[WhiteElo "2210"]
[LiveChessVersion "1.4.6"]

1. d4 {[%clk 1:28:09]} d5 {[%clk 1:30:50]} 2. c4 {[%clk 1:28:19]} e6
{[%clk 1:31:07]} 3. Nf3 {[%clk 1:28:43]} Nf6 {[%clk 1:31:18]} 4. g3
{[%clk 1:29:05]} Bb4+ {[%clk 1:31:20]} 5. Bd2 {[%clk 1:27:56]} Be7
{[%clk 1:31:36]} 6. Bg2 {[%clk 1:27:57]} O-O {[%clk 1:31:51]} 7. O-O
{[%clk 1:26:22]} Nbd7 {[%clk 1:31:58]} 8. Qc2 {[%clk 1:23:36]} c6
{[%clk 1:30:40]} 9. Rd1 {[%clk 1:21:59]} b6 {[%clk 1:29:02]} 10. Bf4
{[%clk 1:17:40]} Bb7 {[%clk 1:27:10]} 11. b3 {[%clk 1:14:15]} Rc8
{[%clk 1:23:17]} 12. Nc3 {[%clk 1:13:19]} Nh5 {[%clk 1:19:14]} 13. Be3 Nhf6
{[%clk 1:12:47]} 14. Bf4 {[%clk 1:10:21]} Nh5 {[%clk 1:11:15]} 15. Bc1
{[%clk 1:10:16]} Nhf6 {[%clk 1:11:39]} 16. Bb2 {[%clk 1:10:20]} c5
{[%clk 1:00:11]} 17. dxc5 {[%clk 1:03:02]} Bxc5 {[%clk 0:56:49]} 18. Nd4
{[%clk 0:55:21]} Qc7 {[%clk 0:44:12]} 19. cxd5 {[%clk 0:47:12]} Bxd4
{[%clk 0:43:14]} 20. Rxd4 {[%clk 0:46:32]} Bxd5 {[%clk 0:41:45]} 21. e4
{[%clk 0:42:44]} Bb7 {[%clk 0:38:28]} 22. Qd2 {[%clk 0:40:32]} a6
{[%clk 0:37:45]} 23. Rd1 {[%clk 0:38:47]} Nc5 {[%clk 0:29:50]} 24. b4
{[%clk 0:32:10]} Ncd7 {[%clk 0:26:24]} 25. Rxd7 {[%clk 0:24:36]} Nxd7
{[%clk 0:26:16]} 26. Qxd7 {[%clk 0:24:47]} Rfd8 {[%clk 0:25:35]} 27. Qxc7
{[%clk 0:25:10]} Rxd1+ {[%clk 0:25:56]} 28. Nxd1 {[%clk 0:25:36]} Rxc7
{[%clk 0:26:20]} 29. Ne3 {[%clk 0:18:35]} Rd7 {[%clk 0:25:25]} 30. Bc1
{[%clk 0:15:42]} Rd4 {[%clk 0:14:33]} 31. a3 {[%clk 0:15:15]} a5 {[%clk 0:12:37]}
32. bxa5 {[%clk 0:11:55]} bxa5 {[%clk 0:13:00]} 33. Bb2 {[%clk 0:10:23]} Rd2
{[%clk 0:12:40]} 34. Be5 {[%clk 0:05:42]} f6 {[%clk 0:10:29]} 35. Bc7
{[%clk 0:05:27]} Rd3 {[%clk 0:10:52]} 36. Bh3 {[%clk 0:01:33]} Bxe4
{[%clk 0:08:43]} 37. Bxe6+ {[%clk 0:01:19]} Kh8 {[%clk 0:09:12]} 38. Bb6
{[%clk 0:00:41]} Rxa3 {[%clk 0:09:31]} 39. f3 {[%clk 0:01:03]} Bxf3
{[%clk 0:09:05]} 40. Nc4 {[%clk 0:01:01]} Ra2 {[%clk 0:07:33]} 41. Nd6
{[%clk 0:01:02]} Ra1+ {[%clk 0:06:13]} 42. Kf2 {[%clk 0:01:23]} Bh5
{[%clk 0:06:26]} 43. h4 {[%clk 0:00:49]} Bg6 {[%clk 0:06:10]} 44. g4
{[%clk 0:00:57]} h5 {[%clk 0:06:39]} 45. g5 {[%clk 0:00:54]} fxg5
{[%clk 0:06:31]} 46. hxg5 {[%clk 0:01:14]} a4 {[%clk 0:06:15]} 47. Nc4
{[%clk 0:01:20]} a3 {[%clk 0:05:23]} 48. Ne5 {[%clk 0:01:43]} Be8
{[%clk 0:01:32]} 49. g6 {[%clk 0:02:02]} a2 {[%clk 0:01:21]} 50. Nf7+
{[%clk 0:01:45]} Bxf7 {[%clk 0:00:46]} 51. gxf7 {[%clk 0:01:53]} Rf1+
{[%clk 0:01:14]} 52. Kxf1 {[%clk 0:02:04]} a1=Q+ {[%clk 0:01:39]} 53. Ke2
{[%clk 0:01:37]} Qa3 {[%clk 0:01:22]} 54. Bd4 {[%clk 0:01:13]} Kh7
{[%clk 0:01:31]} 55. Bc4 {[%clk 0:00:54]} g5 {[%clk 0:00:56]} 56. Bd3+
{[%clk 0:00:47]} Kh6 {[%clk 0:01:18]} 57. Bc4 {[%clk 0:01:00]} Kg6
{[%clk 0:01:26]} 58. Be6 {[%clk 0:00:51]} Qa6+ {[%clk 0:01:10]} 59. Kf2
{[%clk 0:00:57]} Qd6 {[%clk 0:01:32]} 60. Kf1 {[%clk 0:00:40]} g4
{[%clk 0:01:13]} 61. Bc4 {[%clk 0:00:58]} h4 {[%clk 0:01:12]} 62. Be5
{[%clk 0:01:02]} Qc5 {[%clk 0:01:22]} 63. Be6 {[%clk 0:01:06]} g3
{[%clk 0:01:09]} 64. Kg2 {[%clk 0:00:37]} Qf2+ {[%clk 0:00:55]} 65. Kh3
{[%clk 0:01:05]} g2 {[%clk 0:00:51]} 66. f8=N+ {[%clk 0:01:01]} Qxf8
{[%clk 0:01:05]} 67. Kxg2 {[%clk 0:01:23]} Qe7 {[%clk 0:01:23]} 0-1

[Event "Wroclaw Open"]
[Site "?"]
[Date "2017.08.16"]
[Round "4.20"]
[White "Widla, Piotr"]
[Black "Pietraszko, Jakub"]
[Result "1/2-1/2"]
[BlackElo "1724"]
[WhiteElo "2029"]
[LiveChessVersion "1.4.6"]

1. e4 {[%clk 1:30:59]} e6 {[%clk 1:26:59]} 2. Nc3 {[%clk 1:31:15]} d5
{[%clk 1:26:40]} 3. d4 {[%clk 1:31:39]} Nf6 {[%clk 1:26:57]} 4. Bg5
{[%clk 1:32:00]} Bb4 {[%clk 1:27:07]} 5. e5 {[%clk 1:27:11]} h6 {[%clk 1:27:32]}
6. Bd2 {[%clk 1:27:31]} Bxc3 {[%clk 1:27:40]} 7. bxc3 {[%clk 1:27:56]} Ne4
{[%clk 1:27:56]} 8. Bd3 {[%clk 1:26:34]} Nxd2 {[%clk 1:27:33]} 9. Qxd2
{[%clk 1:26:58]} c5 {[%clk 1:26:39]} 10. Nf3 {[%clk 1:27:10]} c4 {[%clk 1:26:34]}
11. Be2 {[%clk 1:27:35]} Nc6 {[%clk 1:25:59]} 12. O-O {[%clk 1:27:44]} Bd7
{[%clk 1:22:09]} 13. Rab1 {[%clk 1:14:20]} Rb8 {[%clk 1:20:15]} 14. g3 b5
{[%clk 1:11:01]} 15. Nh4 {[%clk 1:05:22]} Qe7 {[%clk 1:03:04]} 16. f4
{[%clk 1:03:56]} g6 {[%clk 1:02:38]} 17. Ng2 {[%clk 1:01:18]} h5 {[%clk 1:01:04]}
18. Bf3 {[%clk 0:57:11]} Kd8 {[%clk 0:58:28]} 19. Ne3 {[%clk 0:55:24]} Qa3
{[%clk 0:55:30]} 20. f5 {[%clk 0:44:03]} gxf5 {[%clk 0:55:13]} 21. Bxd5
{[%clk 0:40:20]} exd5 {[%clk 0:51:43]} 22. Nxd5 {[%clk 0:40:44]} Ne7
{[%clk 0:46:27]} 23. Qg5 {[%clk 0:40:07]} Be6 {[%clk 0:39:41]} 24. Nb4
{[%clk 0:23:10]} Ke8 {[%clk 0:32:17]} 25. Rf3 {[%clk 0:05:00]} h4
{[%clk 0:28:06]} 26. Qf6 {[%clk 0:04:21]} Kd7 {[%clk 0:25:52]} 27. d5
{[%clk 0:04:31]} Nxd5 {[%clk 0:19:54]} 28. Rd1 {[%clk 0:04:58]} Qc1
{[%clk 0:18:59]} 29. Rxc1 {[%clk 0:02:30]} Nxf6 {[%clk 0:19:27]} 30. exf6
{[%clk 0:02:53]} hxg3 {[%clk 0:17:02]} 31. Rd1+ {[%clk 0:03:04]} Kc8
{[%clk 0:15:10]} 32. hxg3 {[%clk 0:03:09]} Kb7 33. Nd5 {[%clk 0:01:29]} Rbd8
{[%clk 0:13:12]} 34. Ne3 {[%clk 0:01:53]} Rxd1+ {[%clk 0:12:51]} 35. Nxd1
{[%clk 0:02:23]} Rh6 {[%clk 0:11:10]} 36. Ne3 {[%clk 0:02:05]} Rxf6
{[%clk 0:11:32]} 37. g4 {[%clk 0:02:04]} Rg6 {[%clk 0:10:37]} 38. Nxf5
{[%clk 0:02:26]} Rxg4+ {[%clk 0:10:13]} 39. Kf1 {[%clk 0:02:14]} Bxf5
{[%clk 0:09:20]} 1/2-1/2

[Event "Wroclaw Open"]
[Site "?"]
[Date "2017.08.16"]
[Round "4.21"]
[White "Borowski, Przemyslaw"]
[Black "Sondej, Dominik"]
[Result "1-0"]
[BlackElo "1942"]
[WhiteElo "1759"]
[LiveChessVersion "1.4.6"]

1. d4 Nf6 2. Nf3 g6 3. g3 Bg7 4. Bg2 O-O 5. b3 d6 6. Bb2 c5 7. O-O Nbd7 8. d5 b5
9. Nh4 a5 10. e4 Bb7 11. Nd2 Nb6 12. f4 Rc8 13. Bh3 Rc7 14. g4 c4 15. Bd4 Nfd7
16. Bxg7 Kxg7 17. g5 cxb3 18. Nxb3 Nc4 19. Nf5+ gxf5 20. Qh5 Rh8 21. Nd4 Ne3 22.
Rf3 Rc4 23. Ne6+ fxe6 24. dxe6 Bxe4 1-0

[Event "Wroclaw Open"]
[Site "?"]
[Date "2017.08.16"]
[Round "4.22"]
[White "Stefanski, Robert"]
[Black "Schwedek, Tony"]
[Result "0-1"]
[BlackElo "1920"]
[WhiteElo "1659"]
[LiveChessVersion "1.4.6"]

1. e4 e5 2. d4 exd4 3. Nf3 Nc6 4. Nxd4 Nf6 5. Nc3 Bb4 6. Nxc6 bxc6 7. Qd4 Qe7 8.
f3 d5 9. Bg5 c5 10. Bxf6 cxd4 11. Bxe7 Kxe7 12. a3 dxc3 13. axb4 cxb2 14. Rb1
dxe4 15. fxe4 a5 16. b5 a4 17. Rxb2 a3 18. Ra2 Be6 19. Ra1 Ra4 20. Bd3 Kd6 21.
Kd2 f6 22. Ke3 Kc5 23. Rhb1 h6 24. c3 Rb8 25. c4 Rba8 26. b6 cxb6 27. Rb5+ Kc6
28. Kd4 Rd8+ 29. Kc3 Rxd3+ 0-1